| 000 | 00797cam a22002897a 4500 | ||
|---|---|---|---|
| 003 | CHAP | ||
| 005 | 20220329135514.0 | ||
| 008 | 971013s1930 r 00010 d | ||
| 010 | _a37713 | ||
| 011 | _a38685 | ||
| 035 | _a42805 | ||
| 040 | _cCHAP | ||
| 082 |
_a382 _bM52 |
||
| 100 | 0 | 0 |
_aMichels, Roberto. _975416 |
| 245 | 0 | _aOrganización del comercio exterior | |
| 260 |
_aBarcelona : _bLabor, _c1930 |
||
| 300 |
_a184 p. _b: ilus |
||
| 490 | 0 |
_aEconomía _v; 248 |
|
| 590 |
_aBATCH-UPD _b10 _c20130110 _lUCH01 _h1717 |
||
| 590 |
_aCONVERSION _b10 _c20130109 _lUCH01 _h1321 |
||
| 650 | 1 | 4 |
_aComercio exterior. _925628 |
| 650 | 1 | 4 |
_aPublicidad. _992811 |
| 830 | 0 |
_aEconomía _v; 248 _935227 |
|
| 901 | _aBK | ||
| 942 | _cLIBRO | ||
| 949 |
_a382 M52 _bBC _cLIBRO _d-98428 _eLIBRO _h26356 _i42805 _si |
||
| 999 |
_c37713 _d37713 |
||